Trvalo udržateľné mestá/regióny na Slovensku

Program Trvalo udržateľné mestá, regióny na Slovensku. Verejný činiteľ - strážca trvalo udržateľného rozvoja. Indikátory trvalo udržateľného rozvoja miest. Environmentálny manažérsky systém (EMS) pre miestnu samosprávu. Postup riešenia a konkrétne výsledky projektu.

Salvato in:
Dettagli Bibliografici
Autore principale: Mačáková, Slávka
Natura: Capitolo di libro
Lingua:slovacco
Soggetti:
Tags: Aggiungi Tag
Nessun Tag, puoi essere il primo ad aggiungerne!!

MARC

LEADER 00000naa a2200000 4500
001 r041880
005 20230928074218.7
041 0 |a slo 
044 |a SK 
245 1 0 |a Trvalo udržateľné mestá/regióny na Slovensku  |c Slávka Mačáková 
520 |a Program Trvalo udržateľné mestá, regióny na Slovensku. Verejný činiteľ - strážca trvalo udržateľného rozvoja. Indikátory trvalo udržateľného rozvoja miest. Environmentálny manažérsky systém (EMS) pre miestnu samosprávu. Postup riešenia a konkrétne výsledky projektu. 
610 2 0 |a regióny 
610 2 0 |a mestá 
610 2 0 |a rozvoj regionálny 
610 2 0 |a Slovensko 
100 1 |a Mačáková, Slávka